Az elektronikus média szabályozása Magyarországon és az Európai Unióban

Elmentve itt :
Bibliográfiai részletek
Szerző: Ipacs Réka
További közreműködők: Paczolay Péter (Témavezető)
Dokumentumtípus: Szakdolgozat
Megjelent: 2004
Tárgyszavak:
Online Access:http://diploma.bibl.u-szeged.hu/28692
LEADER 00583nta a2200157 i 4500
001 dipl28692
005 20130314085820.0
008 110831s2004 hu om 0|| zxx d
040 |a SZTE Diploma Repozitórium  |b hun 
041 |a zxx 
100 1 |a Ipacs Réka 
245 1 3 |a Az elektronikus média szabályozása Magyarországon és az Európai Unióban  |h [elektronikus dokumentum] /  |c Réka Ipacs 
260 |c 2004 
650 4 |a Jogi és igazgatási tanulmányok 
700 1 |a Paczolay Péter  |e ths 
856 4 0 |u http://diploma.bibl.u-szeged.hu/id/eprint/28692/1/2004_ipacs_reka_481.pdf  |z Dokumentum-elérés